Personnages de Lost par images (Click) - Statistiques

Statistiques générales
  • Ce quiz a été pris 216 fois
  • Le résultat moyen est 21 sur 25
Statistiques - réponses
Hint Réponse % Correct
Jack Shephard
95%
John Locke
93%
Kate Austen
93%
James Ford (Sawyer)
91%
Sayid Jarrah
91%
Hugo Reyes (Hurley)
91%
Ana-Lucia Cortez
91%
Charlie Pace
90%
Danielle Rousseau
89%
Sun Kwon
88%
Benjamin Linus
88%
Jin Kwon
86%
Desmond Hume
84%
Claire Littleton
84%
Juliet Burke
83%
Eko Tunde
81%
Boone Carlyle
81%
Elizabeth Smith (Libby)
79%
Penelope Widmore
79%
Walt Lloyd
77%
Daniel Faraday
77%
Michael Dawson
76%
Miles Straume
73%
Tom Friendly
71%
Leslie Arzt
54%
Aucun quiz correspondant
Distribution des résultats
% des personnes avec chaque résultat
Percentile par nombre de réponses
Votre historique - résultats
Vous n’avez pas pris ce quiz